000 00427nam a2200133 a 4500
001 000029595
005 20200930055649.0
008 110419s19uu dr 000 0 spa d
040 _aDO-SdBNP
_bspa
_cBNPHU
245 0 0 _aCursos por correspondencia :
_bprimero de la educación secundaria.
260 _aSanto Domingo :
_bAcción Pro-Educación y Cultura,
_c[198?].
_fEditora Educativa
300 _a14 p. ;
_c27 cm.
049 _aBNPD
999 _c29087
_d29087